00458nam a2200181Ia 450000500170000000800410001702000150005808200130007310000060008624500550009226000280014730000190017565000130019465000140020765000110022170000200023270000240025220240823053519.0240331s9999 xx 000 0 und d a041501011X bMAKa801 a  0aMaking a difference :bfeminist literary criticism aLondonbRoutledgec1985 axiii, 273 p ., aCultural aPolitical aGender aGreene, G.eedt aKahn, Coppeliaeedt